000 00334cam a22001217a 4500
008 180718b1950 xxu||||| |||| 00| 0 eng d
082 _aI54 L972
100 _aLundberg, Louis B.
245 _aPublic relations in the local community
_cby Louis B. Lundberg
260 _aNew York
_bHarper
_c1950
300 _a228p.
650 _aPublicity
999 _c372409
_d372409